Statistics for North American Minor League Teams 1980-81

Click here to take the quiz!

General Stats

  • This quiz has been taken 6 times
  • The average score is 43 of 69

Answer Stats

HintAffiliateAnswer% Correct
New York AHL:Hartford Whalers
Pittsburgh Penguins
Binghamton Whalers
100%
Colorado AAA:Montreal ExposDenver Bears
100%
Hawaii AAA:San Diego PadresHawaii Islanders
100%
Pennsylvania AHL:Quebec Nordiques
Washington Capitals
Hershey Bears
100%
Florida ASL:IndependentMiami Americans
100%
New Brunswick AHL:Chicago Black Hawks
Toronto Maple Leafs
New Brunswick Hawks
100%
Connecticut AHL:IndependentNew Haven Nighthawks
100%
Arizona AAA:San Francisco GiantsPhoenix Giants
100%
New York AHL:Buffalo Sabres
Quebec Nordiques
Rochester Americans
100%
Arizona AAA:Houston AstrosTucson Toros
100%
British Columbia AAA:Milwaukee BrewersVancouver Canadians
100%
New York AHL:Detroit Red WingsAdirondack Red Wings
67%
Alberta CBA:IndependentAlberta Dusters
67%
New Mexico AAA:Los Angeles DodgersAlbuquerque Dukes
67%
Alaska CBA:IndependentAnchorage Northern Knights
67%
Alabama CHL:Calgary FlamesBirmingham Bulls
67%
California ASL:IndependentCalifornia Sunshine
67%
West Virginia AAA:Texas RangersCharleston Charlies
67%
Ohio AAA:New York YankeesColumbus Clippers
67%
Ohio ASL:IndependentColumbus Magic
67%
Indiana AAA:Detroit TigersEvansville Triplets
67%
Michigan IHL:IndependentFlint Generals
67%
Indiana IHL:New York Islanders
Winnipeg Jets
Fort Wayne Komets
67%
California ASL:IndependentGolden Gate Gales
67%
Indiana CHL:New York IslandersIndianapolis Checkers
67%
Indiana AAA:Cincinnati RedsIndianapolis Indians
67%
Michigan IHL:Minnesota North StarsKalamazoo Wings
67%
Pennsylvania CBA:IndependentLehigh Valley Jets
67%
Maine AHL:Philadelphia FlyersMaine Mariners
67%
Wisconsin IHL:IndependentMilwaukee Admirals
67%
Nova Scotia AHL:Montreal Canadiens
Quebec Nordiques
Nova Scotia Voyageurs
67%
Utah AAA:Oakland AthleticsOgden A's
67%
Oklahoma AAA:Philadelphia PhilliesOklahoma City 89ers
67%
Nebraska AAA:Kansas City RoyalsOmaha Royals
67%
Rhode Island AAA:Boston Red SoxPawtucket Red Sox
67%
Pennsylvania ASL:IndependentPennsylvania Stoners
67%
Pennsylvania CBA:IndependentPhiladelphia Kings
67%
Michigan IHL:IndependentPort Huron Flags
67%
Oregon AAA:Pittsburgh PiratesPortland Beavers
67%
Virginia AAA:Atlanta BravesRichmond Braves
67%
New York AAA:Baltimore OriolesRochester Red Wings
67%
Washington AAA:Cleveland IndiansSpokane Indians
67%
Massachusetts AHL:Boston BruinsSpringfield Indians
67%
Missouri AAA:St. Louis CardinalsSpringfield Redbirds
67%
New York AAA:Toronto Blue JaysSyracuse Chiefs
67%
Virginia AAA:New York MetsTidewater Tides
67%
Ohio AAA:Minnesota TwinsToledo Mud Hens
67%
Oklahoma CHL:Winnipeg JetsTulsa Oilers
67%
Kansas AAA:Chicago CubsWichita Aeros
67%
New Jersey CBA:IndependentAtlantic City Hi-Rollers
33%
Montana CBA:IndependentBillings Volcanoes
33%
Ohio ASL:IndependentCleveland Cobras
33%
Texas CHL:Vancouver Canucks
Toronto Maple Leafs
Dallas Black Hawks
33%
Texas CHL:Colorado RockiesFort Worth Texans
33%
Texas CHL:Los Angeles KingsHouston Apollos
33%
Iowa AAA:Chicago White SoxIowa Oaks
33%
Maine CBA:IndependentMaine Lumberjacks
33%
Montana CBA:IndependentMontana Gold Nuggets
33%
Michigan IHL:IndependentMuskegon Mohawks
33%
New York ASL:IndependentNew York United
33%
Oklahoma CHL:Minnesota North StarsOklahoma City Stars
33%
New York CBA:IndependentRochester Zeniths
33%
California ASL:IndependentSacramento Gold
33%
Michigan IHL:IndependentSaginaw Gears
33%
Utah AAA:California AngelsSalt Lake City Gulls
33%
Utah IHL:St. Louis BluesSalt Lake Golden Eagles
33%
Pennsylvania CBA:IndependentScranton Aces
33%
Ohio IHL:IndependentToledo Goaldiggers
33%
Kansas CHL:Edmonton OilersWichita Wind
33%

Score Distribution

Percentile by Number Answered

Percent of People with Each Score

Your Score History

You have not taken this quiz